Synopsis of Complete Denture / (Record no. 40416)

MARC details
000 -LEADER
fixed length control field 00634pam a2200229 a 4500
020 ## - INTERNATIONAL STANDARD BOOK NUMBER
Terms of availability 350.00 (Hard Cover)
040 ## - CATALOGING SOURCE
Original cataloging agency Dental College Lib
041 ## - LANGUAGE CODE
Language code of text/sound track or separate title eng
Language code of original
082 ## - DEWEY DECIMAL CLASSIFICATION NUMBER
Classification number 617.692
Item number ELL
100 ## - MAIN ENTRY--PERSONAL NAME
Personal name Ellinger, Charles W.
245 ## - TITLE STATEMENT
Title Synopsis of Complete Denture /
Statement of responsibility, etc. .
Medium Textual Documents
250 ## - EDITION STATEMENT
Edition statement 1st ed /
Remainder of edition statement .
260 ## - PUBLICATION, DISTRIBUTION, ETC.
Place of publication, distribution, etc. Philadelphia :
Name of publisher, distributor, etc. lea & Febiger ,
Date of publication, distribution, etc. 1975.
300 ## - PHYSICAL DESCRIPTION
Extent 362 ;
Dimensions .
365 ## - TRADE PRICE
Price type code 350.00
653 ## - INDEX TERM--UNCONTROLLED
Uncontrolled term Prosthodontics
700 ## - ADDED ENTRY--PERSONAL NAME
Personal name Rayson, Jack H.
-- Terry, James M.
-- Rahn, Arthur O.
907 ## - LOCAL DATA ELEMENT G, LDG (RLIN)
a 0832
930 ## - EQUIVALENCE OR CROSS-REFERENCE-UNIFORM TITLE HEADING [LOCAL, CANADA]
Uniform title 1013
Holdings
Withdrawn status Lost status Damaged status Not for loan Collection Home library Current library Date acquired Cost, normal purchase price Total Checkouts Full call number Barcode Date last seen Copy number Price effective from Koha item type
          Dental College & Hospital, Pune Dental College & Hospital, Pune 01/01/1900 350.00   617.692 ELL DCP-0832 24/02/2023 2 24/02/2023 Book
          Dental College & Hospital, Pune Dental College & Hospital, Pune 01/01/1900 350.00   617.692 ELL DCP-0831 24/02/2023 1 24/02/2023 Book